| 000 | 00517nam a2200157 i 4500 | ||
|---|---|---|---|
| 001 | 102068 | ||
| 003 | ES-MaACL | ||
| 005 | 20230906183035.0 | ||
| 007 | t| | ||
| 008 | 051103s1910 sp ||||1| spa d | ||
| 110 | 2 |
_aReal Junta del Primer Centenario de los Sitios de Zaragoza. _96363 |
|
| 245 | 1 | 0 |
_aMemoria, cuenta oficial / _cReal Junta del Primer Centenario de los Sitios de Zaragoza, comisión ejecutiva. |
| 260 |
_aZaragoza : _bE. Casañal, _c1910. |
||
| 300 |
_a10 p. ; _c26 cm. |
||
| 852 |
_aES-MaACL _jG-9997 |
||
| 999 |
_c102068 _d102068 |
||